000 00559nam a22002177a 4500
001 86519
003 UA-OsUOA
005 20211105210200.0
007 ta
008 20120904b un ||||| |||| 00| 0 ukr d
040 _aUA-OsUOA
_brus
_cUA-OsUOA
_dUA-OsUOA
041 _arus
080 _a94(470+571)
090 _a94(470+571)
_bЛ63
245 _aЛистовки петербургских большевиков: 1902-1917
_nч. 2
260 _bОГИЗ
_c1939
300 _a273 с.
650 7 _a94 Історія
_2UDC
942 _cBK
_2udc
955 _a2
999 _c372605
_d372605